| 000 | 01102cam a22002651i 4500 | ||
|---|---|---|---|
| 003 | SA-RiAUC | ||
| 005 | 20250716064123.0 | ||
| 008 | 250713s1996 cn g 00010dara c | ||
| 040 |
_aADPOL _bara _cSA-RiAUC. _erda |
||
| 043 | _aa-tu--- | ||
| 082 | 0 | 4 |
_a811.962 _qSA-RiAUC |
| 090 |
_a811.962 _b ا ب و غ |
||
| 100 | 1 |
_aأبو غدة، محمد زاهد عبد الفتاح _eمؤلف. |
|
| 245 | 1 | 2 |
_aالتاريخ العثماني في شعر أحمد شوقي / _cمحمد زاهد عبد الفتاح أبو غدة. |
| 250 | _aالطبعة الأولى. | ||
| 264 | 1 |
_a[أوتاوا] : _bدار الرائد، _c1996 |
|
| 300 |
_a136 صفحة ؛ _c24 سم |
||
| 336 |
_aنص _btxt _2rdacontent _3كتاب |
||
| 337 |
_aبدون وسيط _bn _2rdamedia |
||
| 338 |
_aمجلد _bnc _2rdacarrier |
||
| 600 | 0 | 7 |
_aأحمد شوقي، _cبك، _d1868-1932 _xنقد وتفسير _2aucnm |
| 651 | 7 |
_aتركيا _xتاريخ _xفي الشعر العربي _yالإمبراطورية العثمانية، 1288-1918 _zمصر _2aucsh |
|
| 942 |
_2ddc _cBOOK _n0 |
||
| 949 |
_aSA-JeALM _d250713 _umohamedma123 _n1 |
||
| 999 |
_c9978 _d9978 |
||